| 000 | 00764nac a22001931u 4500 | ||
|---|---|---|---|
| 010 | _a 75075599 | ||
| 082 | 0 | 0 |
_a301.360973 _bC135 |
| 090 |
_c2978 _d2978 |
||
| 100 | _aCallow, Alexander B., | ||
| 245 | 1 | 0 |
_aAmerican urban history; _ban interpretive reader with commentaries, _cedited by Alexander B. Callow, Jr. |
| 260 |
_aNew York, _bOxford University Press, _c1969. |
||
| 300 |
_axii, 674 p. _c23 cm. |
||
| 500 | _aDonations. | ||
| 500 | _aDonations - Dr. Mostafa Gouda. | ||
| 504 | _aIncludes bibliographical references. | ||
| 650 | 0 |
_aCities and towns _zUnited States _xHistory. |
|
| 942 |
_cBB _k301.360973C135 |
||
| 999 |
_c2978 _d2978 |
||